00313nam a2200121Ia 4500008004100000041000800041082001200049100001900061245004500080260003200125300002500157365000900182240624s9999 xx 000 0 und d aeng a657 WED aWEDEL JANINE R aUNACCOUNTABLE HOW ELITE POWER BROKERS CO c2014aLondonbPegasus Books axiii, 386 p,: 23 cm. cb38